Countries of Asia - Upside Down - Statistics

General Stats
  • This quiz has been taken 20 times
  • The average score is 48 of 48
Answers on the Map
Answers color-coded by a green-red scale on the quiz's map according to % correct below.
 
Answer Stats
Country % Correct
Afghanistan
100%
Armenia
100%
Azerbaijan
100%
Bahrain
100%
Bangladesh
100%
Bhutan
100%
Brunei
100%
Cambodia
100%
China
100%
Georgia
100%
India
100%
Indonesia
100%
Iran
100%
Iraq
100%
Israel
100%
Japan
100%
Jordan
100%
Kazakhstan
100%
Kuwait
100%
Kyrgyzstan
100%
Laos
100%
Malaysia
100%
Mongolia
100%
Myanmar
100%
Nepal
100%
North Korea
100%
Oman
100%
Pakistan
100%
Philippines
100%
Qatar
100%
Saudi Arabia
100%
South Korea
100%
Sri Lanka
100%
Syria
100%
Taiwan
100%
Tajikistan
100%
Thailand
100%
Turkey
100%
Turkmenistan
100%
United Arab Emirates
100%
Uzbekistan
100%
Vietnam
100%
Yemen
100%
Cyprus
93%
East Timor
93%
Lebanon
93%
Singapore
93%
Maldives
87%
No matching quizzes found
Score Distribution
Percent of People with Each Score
Percentile by Number Answered
Your Score History
You have not taken this quiz